00391nam a2200121Ia 4500008004100000245004200041245002000083260000900103650001400112856005100126999001900177952007300196171211s9999 xx 000 0 und d aForry: The Life of Forrest J Ackerman cDeborah Painter c2010 xBiography uhttp://down.ebook777.com/060/9780786448845.pdf c349943d349943 001040aCLbCLd2017-12-11l0r2017-12-11 00:00:00w2017-12-11yCBE